| 000 | 00544nam a22001457a 4500 | ||
|---|---|---|---|
| 020 | _a0-8069-9402-9 | ||
| 082 |
_a823 _bSMI/F |
||
| 100 | _aSMITH, STAN | ||
| 245 | _aFIVE-MINUTE WHODUNITS | ||
| 260 |
_aNEW YORK _bSTERLING PUBLISHING CO _c1997 |
||
| 300 | _a96 | ||
| 520 | _aAccompany Thomas Stanwick as he hears about a crime, arrives on the scene, interviews the authorities and witnesses, examines the body, surveys the surroundings, and announces which suspect to arrest. All under 5 minutes. | ||
| 650 |
_aNOVEL _zUNITED STATES |
||
| 942 | _cBK | ||
| 999 |
_c3912 _d3912 |
||